French : phrasebook & CD (Record no. 340928)
[ view plain ]
| 000 -LEADER | |
|---|---|
| fixed length control field | 01155nam a22002297a 4500 |
| 005 - DATE AND TIME OF LATEST TRANSACTION | |
| control field | 20170809105330.0 |
| 008 - FIXED-LENGTH DATA ELEMENTS--GENERAL INFORMATION | |
| fixed length control field | 170809b xxu||||| |||| 00| 0 eng d |
| 020 ## - INTERNATIONAL STANDARD BOOK NUMBER | |
| International Standard Book Number | 9781743603697 |
| 041 ## - LANGUAGE CODE | |
| Language code of text/sound track or separate title | French |
| 050 ## - LIBRARY OF CONGRESS CALL NUMBER | |
| Classification number | CD PC 2112.5 |
| Item number | .F873 2015 |
| 082 ## - DEWEY DECIMAL CLASSIFICATION NUMBER | |
| Classification number | 440 |
| 245 ## - TITLE STATEMENT | |
| Title | French : phrasebook & CD |
| 260 ## - PUBLICATION, DISTRIBUTION, ETC. (IMPRINT) | |
| Place of publication, distribution, etc | Australia : |
| Name of publisher, distributor, etc | Lonely Planet, |
| Date of publication, distribution, etc | c2015. |
| 300 ## - PHYSICAL DESCRIPTION | |
| Extent | 1 CD ; |
| Dimensions | 4 3/4 in. |
| 500 ## - GENERAL NOTE | |
| General note | Audio CD |
| 520 ## - SUMMARY, ETC. | |
| Summary, etc | Your handy passport to culturally enriching travels with the most relevant and useful French phrases and vocabulary for all your travel needs. Ask about tucked-away vineyards, bargain with local farmers at the market or order wine like a professional; all with your trusted travel companion. The Audio CD includes 375 key phrases and can be downloaded as an MP3. |
| 650 ## - SUBJECT ADDED ENTRY--TOPICAL TERM | |
| Source of heading or term | Library of Congress Subject Headings |
| Topical term or geographic name as entry element | French language |
| Form subdivision | English |
| General subdivision | Conversation and phrasebooks |
| 650 ## - SUBJECT ADDED ENTRY--TOPICAL TERM | |
| Source of heading or term | Library of Congress Subject Headings |
| Topical term or geographic name as entry element | French language |
| Form subdivision | Dictionaries |
| General subdivision | English |
| 650 ## - SUBJECT ADDED ENTRY--TOPICAL TERM | |
| Source of heading or term | Library of Congress Subject Headings |
| Topical term or geographic name as entry element | French language |
| Form subdivision | Sound recordings for English speakers |
| 942 ## - ADDED ENTRY ELEMENTS (KOHA) | |
| Source of classification or shelving scheme | Library of Congress Classification |
| Item type | Audio Visual Materials |
| Withdrawn status | Lost status | Source of classification or shelving scheme | Damaged status | Home library | Current library | Shelving location | Date acquired | Total Checkouts | Full call number | Barcode | Date last seen | Copy number | Price effective from | Koha item type |
|---|---|---|---|---|---|---|---|---|---|---|---|---|---|---|
| Library of Congress Classification | Luxembourg Library | Luxembourg Library | Audio Visual Material Section | 08/09/2017 | CD PC 2112.5 .F873 2015 | AV1547 | 08/09/2017 | 1 | 08/09/2017 | Audio Visual Materials | ||||
| Library of Congress Classification | Luxembourg Library | Luxembourg Library | Audio Visual Material Section | 08/09/2017 | CD PC 2112.5 .F873 2015 | AV1546 | 08/09/2017 | 2 | 08/09/2017 | Audio Visual Materials |